[Event "FRA-chT U18"]
[Site "France"]
[Date "1996.??.??"]
[Round "?"]
[White "Chable, Stephane"]
[Black "Peigney, Frederic"]
[Result "1-0"]
[WhiteElo "1850"]
[BlackElo "1710"]
[PlyCount "84"]
[EventDate "1996.??.??"]
[EventType "team"]
[EventRounds "11"]
[EventCountry "FRA"]
[SourceTitle "EXT 2004"]
[Source "ChessBase"]
[SourceDate "2003.11.25"]
[SourceVersion "1"]
[SourceVersionDate "2003.11.25"]
[SourceQuality "1"]

1. e4 c6 2. d4 d5 3. Nd2 g6 4. h3 Bg7 5. Ngf3 Nf6 6. e5 Ne4 7. Bd3 Bf5 8. g4 Nxd2 9. gxf5 Nxf3+ 10. Qxf3 gxf5 11. Qxf5 e6 12. Qh5 c5 13. Rg1 Bf8 14. Bg5 Be7 15. Bh6 Bf8 16. Bg7 Rg8 17. Qxh7 Rxg7 18. Rxg7 Bxg7 19. Qxg7 cxd4 20. Bb5+ Nc6 21. Qh8+ Kd7 22. Qxd8+ Rxd8 23. Rd1 Rh8 24. Rxd4 a6 25. Bxc6+ Kxc6 26. Rf4 Rxh3 27. Rxf7 Rh5 28. f4 Rh2 29. Kd1 b5 30. Re7 d4 31. Rxe6+ Kd5 32. Rxa6 Ke4 33. e6 Rh8 34. Ke2 Rh2+ 35. Kf1 b4 36. e7 Kf3 37. Kg1 Re2 38. Rd6 Rxe7 39. Rxd4 Re1+ 40. Kh2 Re2+ 41. Kh3 b3 42. cxb3 Rxb2 1-0

[Event "FRA-chT U18"]
[Site "France"]
[Date "1996.??.??"]
[Round "?"]
[White "Tirard, Hugo"]
[Black "Chable, Stephane"]
[Result "1-0"]
[WhiteElo "2365"]
[BlackElo "1850"]
[PlyCount "73"]
[EventDate "1996.??.??"]
[EventType "team"]
[EventRounds "11"]
[EventCountry "FRA"]
[SourceTitle "EXT 2004"]
[Source "ChessBase"]
[SourceDate "2003.11.25"]
[SourceVersion "1"]
[SourceVersionDate "2003.11.25"]
[SourceQuality "1"]

1. e4 c6 2. d4 d5 3. Nc3 dxe4 4. Nxe4 Nd7 5. Ng5 Ngf6 6. Bd3 e6 7. N1f3 Bd6 8. Qe2 h6 9. Ne4 Nxe4 10. Qxe4 Nf6 11. Qe2 Qc7 12. 0-0 0-0 13. Rd1 c5 14. Be3 Bd7 15. h3 Rac8 16. c3 Rfd8 17. Rd2 Nd5 18. dxc5 Bxc5 19. Bxc5 Qxc5 20. Rad1 Qc7 21. Qe4 Nf6 22. Qe5 Qb6 23. Nd4 Rc5 24. Qe3 Rdc8 25. Bc2 Qc7 26. Nb3 Rg5 27. f4 Rd5 28. Rxd5 Nxd5 29. Qe4 Nf6 30. Qe5 Qb6+ 31. Kh2 Bc6 32. Rd4 Qa6 33. Nd2 Bd5 34. c4 Bc6 35. a3 Qb6 36. b4 Rd8 37. c5 1-0